Mahakavi Kalidasapranita meghaduta: mulashloka, mallinathana sanjivani vyakhyana tatparya mattu anvayartha. (Record no. 107314)
[ view plain ]
| 000 -LEADER | |
|---|---|
| fixed length control field | 00879nam a2200205Ia 4500 |
| 003 - CONTROL NUMBER IDENTIFIER | |
| control field | OSt |
| 005 - DATE AND TIME OF LATEST TRANSACTION | |
| control field | 20251003121828.0 |
| 008 - FIXED-LENGTH DATA ELEMENTS--GENERAL INFORMATION | |
| fixed length control field | 210210b2005 xxu||||| |||| 00| 0 eng d |
| 040 ## - CATALOGING SOURCE | |
| Transcribing agency | AL |
| 041 ## - LANGUAGE CODE | |
| Language code of text/sound track or separate title | Kannada |
| 082 ## - DEWEY DECIMAL CLASSIFICATION NUMBER | |
| Classification number | S891.2K GOPM |
| 100 ## - MAIN ENTRY--PERSONAL NAME | |
| Personal name | GOPALARAV (B). |
| 9 (RLIN) | 115434 |
| Dates associated with a name | ಗೋಪಾಲರಾವ್ (ಬಿ) |
| 245 ## - TITLE STATEMENT | |
| Title | Mahakavi Kalidasapranita meghaduta: mulashloka, mallinathana sanjivani vyakhyana tatparya mattu anvayartha. |
| Remainder of title | ಮಹಾಕವಿ ಕಾಳಿದಾಸಪ್ರಣೀತ ಮೇಘದೂತ : ಮೂಲಶ್ಲೋಕ, ಮಲ್ಲಿನಾಥನ ಸಂಜೀವನಿ ವ್ಯಾಖ್ಯಾನ ತಾತ್ಪರ್ಯ ಮತ್ತು ಅನ್ವಯಾರ್ಥ |
| 260 ## - PUBLICATION, DISTRIBUTION, ETC. | |
| Place of publication, distribution, etc. | Bengaluru |
| Name of publisher, distributor, etc. | Ankita Pustaka |
| Date of publication, distribution, etc. | 2005 |
| 300 ## - PHYSICAL DESCRIPTION | |
| Extent | 252 |
| 650 ## - SUBJECT ADDED ENTRY--TOPICAL TERM | |
| Topical term or geographic name entry element | Kalidasa Meghaduta |
| 9 (RLIN) | 115435 |
| 690 ## - LOCAL SUBJECT ADDED ENTRY--TOPICAL TERM (OCLC, RLIN) | |
| Topical term or geographic name as entry element | Sanskrit Drama |
| 9 (RLIN) | 115436 |
| 906 ## - LOCAL DATA ELEMENT F, LDF (RLIN) | |
| a | 060371 |
| 942 ## - ADDED ENTRY ELEMENTS (KOHA) | |
| Source of classification or shelving scheme | Dewey Decimal Classification |
| Koha item type | Book |
| Withdrawn status | Lost status | Source of classification or shelving scheme | Damaged status | Not for loan | Collection code | Home library | Current library | Shelving location | Date acquired | Source of acquisition | Cost, normal purchase price | Total Checkouts | Full call number | Barcode | Date last seen | Price effective from | Koha item type |
|---|---|---|---|---|---|---|---|---|---|---|---|---|---|---|---|---|---|
| Dewey Decimal Classification | Sanskrit | St Aloysius Library | St Aloysius Library | 02/17/2021 | Paul Moras, Mangalore. | 150.00 | S891.2K GOPM | 060371 | 02/17/2021 | 02/17/2021 | Book | ||||||
| Dewey Decimal Classification | Sanskrit | St Aloysius Library | St Aloysius Library | 02/17/2021 | Paul Moras, Mangalore. | 150.00 | S891.2K GOPM | 060372 | 02/17/2021 | 02/17/2021 | Book |